=LDR 00000nam 2200000 4500 =001 INLIS000000000810245 =005 20251119022306 =035 ##$$a 0010-1125000099 =245 ##$$a Kumpulan Doa /$c Syaikh Said bin ali bin wahf al qahtani =300 ##$$a 322 hlm ; $c 10 cm =260 ##$$a Jakarta : :$b Yayasan Al-Sofwa =082 ##$$a 297.382 =084 ##$$a 297.382 SAI k =008 251119###########################0###### =990 ##$$a 00000004772